书目信息 |
| 题名: |
直面人生--谈中学生的心理
|
|
| 作者: | 张嘉玮 , 高学贵 编著 | |
| 分册: | ||
| 出版信息: | 北京 教育科学出版社 1998.12 |
|
| 页数: | 215页 | |
| 开本: | 32开 | |
| 丛书名: | ||
| 单 册: | ||
| 中图分类: | B844.2 | |
| 科图分类: | ||
| 主题词: | 发展心理学 | |
| 电子资源: | ||
| ISBN: | 7-5041-1832-X | |
| 000 | 00636nam0 2200205 45 | |
| 001 | 0008181086 | |
| 005 | 20000818154911.1 | |
| 010 | @a7-5041-1832-X@d12.00元 | |
| 100 | @a20000818d1998 km y0chiy0120 ea | |
| 101 | 0 | @achi |
| 105 | @a z 000yy | |
| 200 | 1 | @a直面人生--谈中学生的心理@AZhi Mian Ren Sheng--Tan Zhong Xue Sheng De Xin Li@f张嘉玮,高学贵编著@FZhang Jia Wei,Gao Xue Gui Bian Zhu |
| 210 | @a北京@c教育科学出版社@d1998.12 | |
| 215 | @a215页@d32开 | |
| 606 | 0 | @a发展心理学 |
| 690 | @aB844.2@v3 | |
| 701 | 0 | @a张嘉玮@4编著 |
| 701 | 0 | @a高学贵@4编著 |
| 801 | @aCN@bPftUser@c20000818 | |
| 905 | @dB844.2@eG282/1@b111245-249@f5 | |
| 直面人生--谈中学生的心理/张嘉玮,高学贵编著.-北京:教育科学出版社,1998.12 |
| 215页;32开 |
| ISBN 7-5041-1832-X:12.00元 |
| ● |
| 相关链接 |
|
|
|
正题名:直面人生--谈中学生的心理
索取号:B844.2/G282/1
 
预约/预借
| 序号 | 登录号 | 条形码 | 馆藏地/架位号 | 状态 | 备注 |
| 1 | 111245 | 201112456 | 社科库509/509社科库 38排1列6层/ [索取号:B844.2/G282/1] | 在馆 | |
| 2 | 111246 | 201112465 | 社科库509/509社科库 38排1列6层/ [索取号:B844.2/G282/1] | 在馆 | |
| 3 | 111247 | 201112474 | 社科库509/509社科库 38排1列6层/ [索取号:B844.2/G282/1] | 在馆 | |
| 4 | 111248 | 201112483 | 社科库509/509社科库 38排1列6层/ [索取号:B844.2/G282/1] | 在馆 | |
| 5 | 111249 | 201112492 | 社科库509/509社科库 38排1列6层/ [索取号:B844.2/G282/1] | 在馆 |